Littérature francaise. La renaissance II (1548-1570)

Guardado en:
Bibliografiske detaljer
Format: Bog
Sprog:Undetermined
Udgivet: París, Francia Arthaud 1974
Fag:
Tags: Tilføj Tag
Ingen Tags, Vær først til at tagge denne postø!

MARC

LEADER 00000nam a2200000Ia 4500
008 170316s9999 xx 000 0 und d
040 |a cru BVZT 
090 |a A-840 L-3L v.4 
245 |a Littérature francaise. La renaissance II (1548-1570) 
260 |a París, Francia 
260 |b Arthaud 
260 |c 1974 
300 |a 296 páginas Tomo IV 
650 |a LITERATURA FRANCESA 
650 |a ANTOLOGÍA 
999 |c 12440  |d 12440 
942 |c 15 D  |h A-840 L-3L v.4  |2 z